Stop Making Sense Set List - Statistics

General Stats
  • This quiz has been taken 7 times
  • The average score is 12 of 16
Answer Stats
No. Title % Correct
6 Burning Down the House
100%
16 Crosseyed and Painless
100%
14 Girlfriend is Better
100%
2 Heaven
100%
1 Psycho Killer
100%
12 Once in a Lifetime
80%
5 Slippery People
80%
9 Swamp
80%
11 This Must Be the Place (Naive Melody)
80%
4 Found a Job
60%
13 Genius of Love
60%
7 Life During Wartime
60%
8 Making Flippy Floppy
60%
15 Take Me to the River
60%
3 Thank You for Sending Me an Angel
60%
10 What a Day That Was
60%
No matching quizzes found
Score Distribution
Percent of People with Each Score
Percentile by Number Answered
Your Score History
You have not taken this quiz